Prehistory and Protohistory of India : (Record no. 9973)

MARC details
000 -LEADER
fixed length control field 00901 a2200217 4500
010 ## - LIBRARY OF CONGRESS CONTROL NUMBER
LC control number ENG-89103
020 ## - INTERNATIONAL STANDARD BOOK NUMBER
International Standard Book Number 8124603723
Terms of availability 400.00
035 ## - SYSTEM CONTROL NUMBER
System control number EN-72636
037 ## - SOURCE OF ACQUISITION
Source of stock number/acquisition DBAD / PUB
082 14 - DEWEY DECIMAL CLASSIFICATION NUMBER
Classification number 934
090 ## - LOCALLY ASSIGNED LC-TYPE CALL NUMBER (OCLC); LOCAL CALL NUMBER (OCLC)
-- 10213
-- 10213
100 1# - MAIN ENTRY--PERSONAL NAME
Personal name Jain V.K
245 1# - TITLE STATEMENT
Title Prehistory and Protohistory of India :
Remainder of title an appraisal: palaeolithic -non -harappan Chalcolithic Cultures /
Statement of responsibility, etc by V.K.Jain; foreword by D.N. Jha
260 ## - PUBLICATION, DISTRIBUTION, ETC. (IMPRINT)
Place of publication, distribution, etc New Delhi
Name of publisher, distributor, etc D.K Printworld
Date of publication, distribution, etc 2006
270 ## - ADDRESS
Address `Sri Kunj ', F-52, Bali Nagar
City New Delhi
Postal code 110015
Telephone number 011-25453975, 011-25466019
Electronic mail address dkprintworld@vsnl.net
300 ## - PHYSICAL DESCRIPTION
Extent xvii,213p.:
Dimensions 23 cm (Hb)
Other physical details maps and line-drawings
490 ## - SERIES STATEMENT
Series statement Perspectives in Indian Art & Archaeology; no.7
500 ## - GENERAL NOTE
General note Includes bibliographical references and index
942 ## - ADDED ENTRY ELEMENTS (KOHA)
Institution code [OBSOLETE] dpl
Koha item type English Books
Call number prefix 934 / JAI
Holdings
Withdrawn status Lost status Source of classification or shelving scheme Damaged status Not for loan Collection code Home library Current library Source of acquisition Cost, normal purchase price Total Checkouts Full call number Barcode Date last seen Copy number Uniform Resource Identifier Cost, replacement price Price effective from Koha item type
    Dewey Decimal Classification   Not For Loan Non-fiction D.B.Act.Division D.B.Act.Division DBAD/PUB 400.00   934 EN-72636 15/09/2008 1 10988 400.00 15/09/2008 English Books

© Delhi Public Library
Hit Counter
free hit counter